| 000 | 00818nam a22001817a 4500 | ||
|---|---|---|---|
| 008 | 110122s1997 ua|||||r|||| 000 1 ara d | ||
| 020 | _a9770153524 | ||
| 082 |
_a028.1 _bش ن و |
||
| 100 |
_922139 _aالشنواني ، أحمد محمد |
||
| 245 |
_aكتب غيرت الفكر الانساني / _cأحمد محمد الشنواني |
||
| 260 |
_aالقاهرة : _bالهيئة المصرية العامة للكتاب ، 1997 _c1997 |
||
| 300 |
_a215 ص ؛ _c20 سم |
||
| 490 |
_914508 _aمكتبة الأسرة _pالأعمال الفكرية |
||
| 541 |
_aد. باسم احمد ؛ _cإهداء ؛ |
||
| 650 |
_922140 _aالكتب _xعروض |
||
| 942 |
_2ddc _cBB |
||
| 999 |
_c14945 _d14945 |
||